000 00589nam a2200193 i 4500
001 135487
003 ES-MaACL
005 20250822084628.0
007 t|
008 070718s1978 sp ||||1| spa d
100 1 _aTorre Tomás, Mª Consuelo de la.
_9110789
245 1 0 _aTécnicas de estudio /
_cMª Consuelo de la Torre Tomás.
260 _aSalamanca :
_bAnaya,
_c[1978]
300 _a38 p. ;
_c21 cm.
490 1 _aTemas monográficos de educación
830 0 0 _aTemas monográficos de educación
_9181912
852 _aES-MaACL
_j2108-F-6
_bR.98737
999 _c135487
_d135487